000 01189nam a2200277 a 4500
001 78026
003 BD-RjUL
005 20211209083059.0
008 210307s2016 bg a|||| m||| 00| 0 eng d
035 _a(BD-RjUL)78252
040 _aBD-RjUL
_beng
_cBD-RjUL
_dBD-RjUL
041 _aWm&
082 _a658.155
_bRAI 2016
_223
100 _aRahman, Syed Mohammad Khaled
_9245690
245 1 0 _aImpact of Financial Leverage on Firm's Financial Performance and Risk:
_bA comparative Analysis of Listed Multinational and Domestic Companies of Bangladesh /
_cSyed Mohammad Khaled Rahman ;
_6Supervisor: Md. Meherul Islam Khan
260 _aRajshahi:
_bInstitute of Bangladesh Studies, University of Rajshahi,
_c2016
300 _axx, 390 Leaves:
_bIll. ;
_c29 cm.
502 _aThesis (Ph. D. ) -- Institute of Bangladesh Studies, University of Rajshahi, 2016
504 _aBibliography: Leaves 318-329
650 _aCorporations
_zBangladesh
_xFinance
_9245691
650 _aBusiness Enterprises
_zBangladesh
_xFinance
_9245692
650 _aFinancial Risk Management
_9245693
650 _aFinancial Leverage
_9245694
700 _aKhan, Md. Meherul Islam, Supervisor
_9245695
942 _2ddc
_cTHE
999 _c78026
_d78026